000 00705nam a2200217 a 4500
001 BRCA_73
005 20190320202854.0
008 880525s1986 cu-a---###---#000-0#spa-#
040 _aDLC
_cDLC
_dDLC
050 4 _aAM7
_b.P47 1986
100 1 _aPérez, Gema
_9316
245 1 0 _aMuseo Napoleónico
_cGema Pérez y Natalia Lavastida.
260 _aLa Habana, Cuba
_bLetras Cubanas
_c1986
300 _a79 p.
_bil.
_c20 cm.
600 1 4 _aNapoleón
_bI
_cEmperador de Francia
_d1769-1821
_9317
610 2 4 _aMuseo Napoleónico
_vCatálogos
_zLa Habana (Cuba)
_9318
651 4 _aVilla Florentina
_zLa Habana (Cuba)
_9319
653 0 _aBonaparte, Napoleón
700 1 _aLavastida, Natalia
_ecoaut.
_9320
942 _2lcc
_cB
999 _c70
_d70